Star Wars : L'Ascension de Skywalker - Statistiques

Statistiques générales
  • Ce quiz a été pris 7 fois
  • Le résultat moyen est 6 sur 10
Statistiques - réponses
Question Réponse % Correct
Le premier Ordre n'était qu'un début, je te donnerai beaucoup plus. Dark Sidious
86%
Je suis tous les Sith ! Dark Sidious
86%
Je t'ai tendu la main, tu voulais la prendre,pourquoi ne l'as tu pas fais ? Kylo Ren
86%
Et moi je suis tous les Jedi ! Rey Skywalker
86%
Tu es hanté par ton père et l'horreur de ce que tu lui as fais. Rey
71%
Exegol ne figure sur aucune carte. D'après la légende il s'agirait du monde caché des Sith. C3PO
57%
Tu n'as pas seulement des pouvoirs, tu as son pouvoir, tu es sa petite fille. Kylo Ren
57%
Il ne faut jamais sous-estimer un droïde. Leia Organa
57%
Il semble que Palpatine soit de retour Poe Dameron
29%
Dans le cœur d’un Jedi réside sa vrai force. Kanan Jarrus
14%
Aucun quiz correspondant
Distribution des résultats
% des personnes avec chaque résultat
Percentile par nombre de réponses
Votre historique - résultats
Vous n’avez pas pris ce quiz